| 000 | 01298cam a22002891i 4500 | ||
|---|---|---|---|
| 003 | SA-RiAUC | ||
| 005 | 20241202140847.0 | ||
| 008 | 241130s2000 ua g b 00010cara c | ||
| 020 | _a9775250781 | ||
| 040 |
_aOM-MuSQU _bara _cSA-RiAUC _erda |
||
| 082 | 0 | 4 | _a923.1 |
| 090 |
_a923.1 _bم ق ر |
||
| 100 | 1 |
_aالمقريزي، أحمد بن علي بن عبد القادر، _d766-845 هجري _eمؤلف. |
|
| 245 | 1 | 2 |
_aالذهب المسبوك في ذكر من حج من الخلفاء والملوك / _cتأليف تقي الدين أحمد بن علي بن عبد القادر المقريزي ؛ تحقيق وتعليق جمال الدين الشيال. |
| 264 | 1 |
_aبورسعيد، مصر : _bمكتبة الثقافة الدينية، _c2000 |
|
| 300 |
_a221 صفحة ؛ _c24 سم |
||
| 336 |
_aنص _btxt _2rdacontent _3كتاب |
||
| 337 |
_aبدون وسيط _bn _2rdamedia |
||
| 338 |
_aمجلد _bnc _2rdacarrier |
||
| 504 | _aببليوجرافية : صفحة 207-217. | ||
| 590 | _aأسماء. | ||
| 650 | 7 |
_aالملوك والحكام _xحياة دينية _2aucsh |
|
| 650 | 7 |
_aالملوك والحكام _vتراجم _2aucsh |
|
| 700 | 1 |
_aالشيال، جمال الدين، _d1911-1967 _eمحقق. |
|
| 942 |
_2ddc _cBOOK _n0 |
||
| 949 |
_aSA-JeALM _d241130 _umohamedma123 _n1 |
||
| 999 |
_c2951 _d2951 |
||